Manierismo y arquitectura moderna y otros ensayos

Guardat en:
Dades bibliogràfiques
Autor principal: Rowe, Colin (Autor)
Format: Llibre
Idioma:espanyol
Publicat: Barcelona Gustavo Gili 1980
Edició:2a. ed
Col·lecció:Colección Arquitectura y Crítica
Matèries:
Etiquetes: Afegir etiqueta
Sense etiquetes, Sigues el primer a etiquetar aquest registre!

MARC

LEADER 00000nam a2200000 a 4500
001 UCT3634
003 CL-VaPUC
008 961024e19800000SP |||||||||||||||||spa|d
082 0 4 |a 724.5  |b ROW  |2 21 
100 0 |a Rowe, Colin  |e author  |9 372562 
245 1 0 |a Manierismo y arquitectura moderna y otros ensayos 
250 |a 2a. ed 
300 |a 218 p 
942 |c BK 
945 |d 19961024 00:00:00  |a rleighto 
260 |a Barcelona  |b Gustavo Gili  |c 1980 
650 0 |a Arquitectura moderna  |9 265021 
650 0 |a Manierismo  |9 268679 
650 0 |a Arquitectura  |9 804558 
650 7 |a ESTILOS ARQUITECTONICOS  |2 CL-VaPUC  |9 372532 
650 0 |a Estilos artísticos  |9 340996 
583 |a last modification  |c 19961024 00:00:00  |k Rodrigo Vera 
490 0 |a Colección Arquitectura y Crítica  
999 |c 253204  |d 253202 
952 |0 0  |1 0  |4 0  |6 724_500000000000000_ROW_1980  |7 0  |8 A  |9 273860  |a BIBARQ  |b BIBARQ  |d 2019-11-19  |i 3238393  |o 724.5 ROW 1980  |p 3238393  |r 2025-01-20  |w 2019-11-19  |y BK  |k ARQ